000
00346nam a2200157Ia 4500
003
OSt
005
20240113112136.0
008
170524s9999 xx 000 0 und d
020
_a
9788131808559
040
_c
IIMT UNIVERSITY
100
_a
Bansal R K
245
0
_a
Engineering Mechanices
260
_b
Laxmi
260
_c
2010
942
_2
ddc
_c
02
999
_c
5697
_d
5697